[Event "GER-ch Seniors 65 31st"]
[Site "Radebeul"]
[Date "2019.05.04"]
[Round "9"]
[White "Pundt, Wilfried"]
[Black "Zschunke, Werner"]
[Result "1/2-1/2"]
[WhiteElo "1861"]
[BlackElo "2002"]
[PlyCount "61"]
[EventDate "2019.04.26"]
[EventType "swiss"]
[EventRounds "9"]
[EventCountry "GER"]
[SourceTitle "CBM 190 Extra"]
[Source "ChessBase"]
[SourceDate "2019.07.15"]
[SourceVersion "1"]
[SourceVersionDate "2019.07.15"]
[SourceQuality "1"]

1. e4 c5 2. b4 cxb4 3. a3 d5 4. exd5 Qxd5 5. Nf3 Bg4 6. axb4 Bxf3 7. Qxf3 Qxf3 8. gxf3 Nc6 9. c3 e6 10. d4 Bd6 11. Bd2 Nf6 12. b5 Ne7 13. b6 0-0 14. bxa7 Nc6 15. Bg2 Nd5 16. 0-0 Nf4 17. Be3 Nxa7 18. c4 Nc6 19. Rxa8 Rxa8 20. Nc3 Bb8 21. Rb1 Nd8 22. Bxf4 Bxf4 23. Ne2 g5 24. h4 Bd2 25. hxg5 Bxg5 26. f4 Bf6 27. Bxb7 Rb8 28. Be4 Rxb1+ 29. Bxb1 Nc6 30. d5 exd5 31. cxd5 1/2-1/2

[Event "Niedersachsen-ch Seniors 51st"]
[Site "Handeloh"]
[Date "2017.06.24"]
[Round "7"]
[White "Kleinschmidt, Norbert"]
[Black "Pundt, Wilfried"]
[Result "1/2-1/2"]
[WhiteElo "1673"]
[BlackElo "1762"]
[PlyCount "57"]
[EventDate "2017.06.18"]
[EventType "swiss"]
[EventRounds "7"]
[EventCountry "GER"]
[SourceTitle "EXT 2023"]
[Source "ChessBase"]
[SourceDate "2022.10.05"]
[SourceVersion "1"]
[SourceVersionDate "2022.10.05"]
[SourceQuality "1"]

1. d4 Nf6 2. Nf3 b6 3. Bg5 Bb7 4. Bxf6 exf6 5. e3 Be7 6. Bd3 d6 7. Nbd2 Nd7 8. Qe2 Nf8 9. h4 Ne6 10. Ne4 h5 11. 0-0-0 a5 12. Ng3 g6 13. d5 Nc5 14. Bb5+ Kf8 15. a4 Ba6 16. Bxa6 Nxa6 17. Nd4 Qd7 18. Nc6 Nb4 19. Qc4 Nxc6 20. Qxc6 Qxc6 21. dxc6 f5 22. Rd5 Bf6 23. Ne2 Kg7 24. g3 Rhe8 25. Rhd1 Re4 26. Nd4 Bxd4 27. R1xd4 Rae8 28. Kd2 Kf6 29. b3 1/2-1/2

[Event "GER-chT Seniors 25th"]
[Site "Magdeburg"]
[Date "2016.10.14"]
[Round "6.4"]
[White "Seeck, Klaus"]
[Black "Pundt, Wilfried"]
[Result "1-0"]
[WhiteElo "2044"]
[BlackElo "1929"]
[PlyCount "69"]
[EventDate "2016.10.09"]
[EventType "team-swiss"]
[EventRounds "7"]
[EventCountry "GER"]
[SourceTitle "EXT 2019"]
[Source "ChessBase"]
[SourceDate "2018.10.10"]
[SourceVersion "1"]
[SourceVersionDate "2018.10.10"]
[SourceQuality "1"]
[WhiteTeam "Schleswig Holstein II"]
[BlackTeam "Bremen"]
[WhiteTeamCountry "GER"]
[BlackTeamCountry "GER"]

1. d4 Nf6 2. c4 e6 3. Nf3 c5 4. d5 b5 5. Bg5 bxc4 6. Nc3 d6 7. e4 Be7 8. Bxc4 exd5 9. Bxf6 dxc4 10. Qd5 Bxf6 11. Qxa8 Bxc3+ 12. bxc3 Qc7 13. Qd5 0-0 14. Rd1 Qa5 15. 0-0 Rd8 16. Ng5 Rd7 17. Rb1 Qc7 18. Qf5 g6 19. Qh3 h5 20. Qg3 Nc6 21. f4 d5 22. exd5 Rxd5 23. Rbd1 Ne7 24. Qe3 Rxd1 25. Rxd1 Bf5 26. Re1 Nd5 27. Qe8+ Kg7 28. Re5 Qb7 29. Re1 Qc7 30. g3 Qb7 31. a3 Nf6 32. Qe7 Qd5 33. Qxa7 Ne4 34. Nxe4 Bxe4 35. Qe7 1-0

[Event "GER-chT Seniors 25th"]
[Site "Magdeburg"]
[Date "2016.10.11"]
[Round "3.4"]
[White "Pundt, Wilfried"]
[Black "Gehrmann, Rudolf Rainer"]
[Result "0-1"]
[WhiteElo "1929"]
[BlackElo "2123"]
[PlyCount "76"]
[EventDate "2016.10.09"]
[EventType "team-swiss"]
[EventRounds "7"]
[EventCountry "GER"]
[SourceTitle "EXT 2019"]
[Source "ChessBase"]
[SourceDate "2018.10.10"]
[SourceVersion "1"]
[SourceVersionDate "2018.10.10"]
[SourceQuality "1"]
[WhiteTeam "Bremen"]
[BlackTeam "Schleswig Holstein"]
[WhiteTeamCountry "GER"]
[BlackTeamCountry "GER"]

1. e4 c5 2. b4 cxb4 3. a3 e6 4. axb4 Bxb4 5. c3 Be7 6. d4 d6 7. Nf3 Nf6 8. Bd3 Nbd7 9. 0-0 0-0 10. Na3 e5 11. Nc2 d5 12. Nd2 exd4 13. cxd4 Nxe4 14. Nxe4 dxe4 15. Bxe4 Nf6 16. Bf3 Nd5 17. Ne3 Be6 18. Ba3 Re8 19. Qd3 Bxa3 20. Rxa3 Re7 21. g3 Rd7 22. Rb1 Nb6 23. Nc2 Bd5 24. Bxd5 Nxd5 25. Qf3 Rc7 26. Ne3 Nxe3 27. fxe3 Qc8 28. Rd3 Qd7 29. Rd2 Rac8 30. Kf2 Rc2 31. Rb2 Rxd2+ 32. Rxd2 b5 33. e4 b4 34. e5 h6 35. d5 Rc3 36. Qe2 b3 37. e6 fxe6 38. dxe6 Qxd2 0-1

[Event "GER-chT Seniors 25th"]
[Site "Magdeburg"]
[Date "2016.10.09"]
[Round "1.24"]
[White "Pundt, Wilfried"]
[Black "Burchardt, Brigitte"]
[Result "0-1"]
[WhiteElo "1929"]
[BlackElo "2161"]
[PlyCount "60"]
[EventDate "2016.10.09"]
[EventType "team-swiss"]
[EventRounds "7"]
[EventCountry "GER"]
[SourceTitle "EXT 2019"]
[Source "ChessBase"]
[SourceDate "2018.10.10"]
[SourceVersion "1"]
[SourceVersionDate "2018.10.10"]
[SourceQuality "1"]
[WhiteTeam "Bremen"]
[BlackTeam "Berlin"]
[WhiteTeamCountry "GER"]
[BlackTeamCountry "GER"]

1. e4 c5 2. b4 cxb4 3. a3 e5 4. Nf3 Nc6 5. Bb5 Qb6 6. Bxc6 bxc6 7. Bb2 d6 8. 0-0 bxa3 9. Bxa3 Nf6 10. Nc3 Bg4 11. Qe2 Be7 12. Rfb1 Qc7 13. Qa6 Bc8 14. Qe2 0-0 15. d4 exd4 16. Nxd4 Re8 17. Qc4 c5 18. Ncb5 Qd7 19. Nf5 Ba6 20. Bc1 d5 21. Nxe7+ Rxe7 22. Qxc5 Nxe4 23. Qb4 Bxb5 24. Qxb5 Nc3 25. Qf1 Nxb1 26. Rxb1 h6 27. g3 Rae8 28. Be3 a5 29. Rd1 Qc6 30. Qd3 a4 0-1

[Event "GER-chB Seniors 27th"]
[Site "Magdeburg"]
[Date "2015.08.21"]
[Round "7"]
[White "Pundt, Wilfried"]
[Black "Zotin, Vladimir"]
[Result "1/2-1/2"]
[WhiteElo "1895"]
[BlackElo "1868"]
[PlyCount "80"]
[EventDate "2015.08.15"]
[EventType "swiss"]
[EventRounds "9"]
[EventCountry "GER"]
[SourceTitle "EXT 2018"]
[Source "ChessBase"]
[SourceDate "2017.10.13"]
[SourceVersion "1"]
[SourceVersionDate "2017.10.13"]
[SourceQuality "1"]

1. e4 e6 2. d4 b6 3. Nf3 Bb7 4. Bd3 Nf6 5. Nbd2 c5 6. c3 cxd4 7. Nxd4 Nc6 8. 0-0 Ne5 9. Bc2 Rc8 10. Re1 Ba6 11. N2f3 Qc7 12. Nxe5 Qxe5 13. Nf3 Qc7 14. h3 d6 15. Be3 Be7 16. Rc1 0-0 17. Bf4 e5 18. Bg5 h6 19. Bxf6 Bxf6 20. Bb1 Bb7 21. a3 Rcd8 22. Ba2 Rfe8 23. Bd5 Bxd5 24. Qxd5 Qc5 25. Rcd1 Qxd5 26. Rxd5 Re7 27. Red1 Red7 28. Nd2 Kf8 29. Nc4 Ke7 30. g3 g5 31. Ne3 Ke6 32. g4 Bg7 33. Nc2 Rc8 34. Ne3 Bf8 35. Kg2 Rc5 36. R5d2 f6 37. h4 a5 38. Nd5 Rb7 39. Rh1 b5 40. hxg5 fxg5 1/2-1/2

[Event "GER-chB Seniors 27th"]
[Site "Magdeburg"]
[Date "2015.08.19"]
[Round "5"]
[White "Pundt, Wilfried"]
[Black "Grigat, Klaus Dieter"]
[Result "1-0"]
[WhiteElo "1895"]
[BlackElo "1962"]
[PlyCount "69"]
[EventDate "2015.08.15"]
[EventType "swiss"]
[EventRounds "9"]
[EventCountry "GER"]
[SourceTitle "EXT 2018"]
[Source "ChessBase"]
[SourceDate "2017.10.13"]
[SourceVersion "1"]
[SourceVersionDate "2017.10.13"]
[SourceQuality "1"]

1. e4 g6 2. d4 Bg7 3. Nc3 d6 4. f4 c6 5. Nf3 Bg4 6. Be2 Bxf3 7. Bxf3 Qb6 8. Ne2 e5 9. fxe5 dxe5 10. c3 Nd7 11. Qb3 Qxb3 12. axb3 exd4 13. Nxd4 Ne7 14. Be3 0-0 15. b4 a6 16. 0-0-0 Ne5 17. Nb3 Nxf3 18. gxf3 f5 19. Rd7 Rae8 20. Bc5 Bh6+ 21. Kb1 b6 22. Bxb6 fxe4 23. fxe4 Nc8 24. Bc5 Rf4 25. Be3 Rh4 26. Bxh6 Rxh6 27. Rc7 g5 28. Nc5 g4 29. Rg1 Rg6 30. e5 Ne7 31. c4 h5 32. Ne4 Nd5 33. cxd5 Rxe5 34. d6 Kf8 35. Rc8+ 1-0

[Event "Niedersachsen-ch Seniors 49th"]
[Site "Wesel Undeloh"]
[Date "2015.07.24"]
[Round "6"]
[White "Hilburt, Leonid"]
[Black "Pundt, Wilfried"]
[Result "1-0"]
[WhiteElo "1950"]
[BlackElo "1771"]
[PlyCount "31"]
[EventDate "2015.07.19"]
[EventType "swiss"]
[EventRounds "7"]
[EventCountry "GER"]
[SourceTitle "EXT 2018"]
[Source "ChessBase"]
[SourceDate "2017.10.13"]
[SourceVersion "1"]
[SourceVersionDate "2017.10.13"]
[SourceQuality "1"]

1. e4 g6 2. d4 Bg7 3. f4 d6 4. Nf3 Nd7 5. Bc4 e6 6. 0-0 b6 7. f5 Ndf6 8. Qe2 Ne7 9. e5 Nxf5 10. exf6 Bxf6 11. c3 Bb7 12. Bb5+ Kf8 13. g4 Nh4 14. Nxh4 Bxh4 15. Qxe6 Qe7 16. Bh6+ 1-0

[Event "Niedersachsen-ch Seniors 49th"]
[Site "Wesel Undeloh"]
[Date "2015.07.19"]
[Round "1"]
[White "Pundt, Wilfried"]
[Black "Fehsenfeld, Kurt"]
[Result "1/2-1/2"]
[WhiteElo "1771"]
[BlackElo "1545"]
[PlyCount "59"]
[EventDate "2015.07.19"]
[EventType "swiss"]
[EventRounds "7"]
[EventCountry "GER"]
[SourceTitle "EXT 2018"]
[Source "ChessBase"]
[SourceDate "2017.10.13"]
[SourceVersion "1"]
[SourceVersionDate "2017.10.13"]
[SourceQuality "1"]

1. e4 e5 2. Nf3 Nc6 3. Bb5 d6 4. d4 Bd7 5. 0-0 exd4 6. Nxd4 Ne5 7. Qe2 a6 8. Bxd7+ Qxd7 9. Nc3 Nf6 10. Bg5 Be7 11. Nf5 0-0 12. Nxe7+ Qxe7 13. Nd5 Qd8 14. Nxf6+ gxf6 15. Bd2 Kh8 16. f4 Nd7 17. Bc3 Rg8 18. Rad1 Qe7 19. Rd3 Rae8 20. Re3 Rg6 21. Re1 Reg8 22. g3 Re8 23. Qh5 Kg8 24. Kf2 Qf8 25. Qf5 Qe7 26. Qa5 Qd8 27. Bd2 Qc8 28. b4 Nb6 29. f5 Nc4 30. Qa4 1/2-1/2

[Event "Bremen-ch op"]
[Site "Bremen"]
[Date "2014.04.14"]
[Round "2"]
[White "Rast, Matthias"]
[Black "Pundt, Wilfried"]
[Result "1/2-1/2"]
[WhiteElo "1125"]
[BlackElo "1931"]
[PlyCount "45"]
[EventDate "2014.04.14"]
[EventType "swiss"]
[EventRounds "9"]
[EventCountry "GER"]
[SourceTitle "EXT 2018"]
[Source "ChessBase"]
[SourceDate "2017.10.13"]
[SourceVersion "1"]
[SourceVersionDate "2017.10.13"]
[SourceQuality "1"]

1. d4 Nf6 2. Nf3 e6 3. Nc3 b6 4. e4 d5 5. e5 Nfd7 6. Be2 Be7 7. Be3 Ba6 8. 0-0 c5 9. b3 Nc6 10. Bxa6 cxd4 11. Bxd4 Nxd4 12. Qxd4 0-0 13. Bd3 f6 14. Bb5 Rc8 15. Bxd7 Qxd7 16. Qd3 fxe5 17. Nxe5 Qc7 18. Nxd5 Qd6 19. Nxe7+ Qxe7 20. c4 Rfd8 21. Qe2 Qf6 22. Rad1 Re8 23. Rd2 1/2-1/2

[Event "GER-chT Seniors 21st"]
[Site "Berlin"]
[Date "2012.09.14"]
[Round "5.36"]
[White "Mueller, Lutz"]
[Black "Pundt, Wilfried"]
[Result "1-0"]
[WhiteElo "1972"]
[BlackElo "1796"]
[PlyCount "71"]
[EventDate "2012.09.10"]
[EventType "team-swiss"]
[EventRounds "7"]
[EventCountry "GER"]
[SourceTitle "CBM 150 Extra"]
[Source "ChessBase"]
[SourceDate "2012.10.19"]
[SourceVersion "1"]
[SourceVersionDate "2012.10.19"]
[SourceQuality "1"]
[WhiteTeam "Rheinland Pfalz Seniors"]
[BlackTeam "Bremen Seniors"]
[WhiteTeamCountry "GER"]
[BlackTeamCountry "GER"]

1. d4 e6 2. Nf3 b6 3. e3 Bb7 4. Bd3 Nf6 5. Nbd2 d5 6. 0-0 Be7 7. b3 0-0 8. Bb2 c5 9. Qe2 Ne4 10. Rfd1 Qe8 11. Bb5 Qc8 12. c4 Nxd2 13. Rxd2 a6 14. Ba4 Nd7 15. Rc1 Nf6 16. dxc5 dxc4 17. cxb6 Qc5 18. Bd4 Qh5 19. Ne5 Qh4 20. Rxc4 Ne4 21. Bb2 Bd5 22. Rxe4 Bxe4 23. f3 Bd5 24. Rd4 Qh5 25. Rg4 f5 26. Rg3 g5 27. Rh3 Bxf3 28. Qxf3 Qxf3 29. Rxf3 f4 30. Bd7 fxe3 31. Bxe6+ Kg7 32. Nd7+ Kh6 33. Nxf8 Bxf8 34. Rf6+ Kh5 35. g4+ Kh4 36. Bc3 1-0

[Event "Bremen-ch Seniors"]
[Site "Bremen"]
[Date "2010.03.30"]
[Round "4"]
[White "Bauer, Wolfgang2222"]
[Black "Pundt, Wilfried"]
[Result "1/2-1/2"]
[WhiteElo "1916"]
[BlackElo "1812"]
[PlyCount "62"]
[EventDate "2010.03.27"]
[EventType "swiss"]
[EventRounds "7"]
[EventCountry "GER"]
[SourceTitle "EXT 2022"]
[Source "ChessBase"]
[SourceDate "2021.10.06"]
[SourceVersion "1"]
[SourceVersionDate "2021.10.06"]
[SourceQuality "1"]

1. d4 g6 2. c4 Bg7 3. e4 d6 4. Nc3 Nd7 5. Nf3 e6 6. Be3 b6 7. Qd2 h6 8. Be2 Bb7 9. d5 e5 10. b4 a5 11. Na4 axb4 12. Qxb4 Ba6 13. 0-0 Ne7 14. Nc3 0-0 15. a4 f5 16. a5 fxe4 17. Nxe4 Nxd5 18. Qd2 N5f6 19. Nxf6+ Nxf6 20. Bxh6 e4 21. Bxg7 exf3 22. Bxf6 Qxf6 23. Bxf3 Rab8 24. Bd5+ Kg7 25. Rae1 Rfe8 26. g3 b5 27. Rxe8 Rxe8 28. Bc6 Re5 29. cxb5 Bxb5 30. Rc1 Ba6 31. Re1 Bc4 1/2-1/2

[Event "Niedersachsen-ch open"]
[Site "Verden"]
[Date "2010.01.05"]
[Round "6.19"]
[White "Pundt, Wilfried"]
[Black "Renner, Kai"]
[Result "0-1"]
[WhiteElo "1934"]
[BlackElo "2191"]
[PlyCount "72"]
[EventDate "2010.01.03"]
[EventType "swiss"]
[EventRounds "7"]
[EventCountry "GER"]
[SourceTitle "EXT 2012"]
[Source "ChessBase"]
[SourceDate "2011.11.24"]
[SourceVersion "1"]
[SourceVersionDate "2011.11.24"]
[SourceQuality "1"]

1. e4 e6 2. d4 d5 3. e5 c5 4. c3 Nc6 5. Nf3 Bd7 6. Bd3 cxd4 7. cxd4 Qb6 8. 0-0 Nxd4 9. Nxd4 Qxd4 10. Nc3 a6 11. Re1 Ne7 12. Qf3 Ng6 13. Bxg6 hxg6 14. Bf4 Rc8 15. a3 Rc4 16. Bg3 Be7 17. Red1 Qc5 18. Rac1 Bg5 19. b3 Bxc1 20. bxc4 Bb2 21. Rb1 Bxc3 22. Qxc3 b5 23. Qa5 dxc4 24. Qxa6 0-0 25. Rd1 Bc6 26. Qa5 c3 27. Rc1 c2 28. Qd2 Be4 29. Bf4 Qxa3 30. f3 Bd3 31. Kf2 b4 32. Qe1 b3 33. Ra1 Qc5+ 34. Be3 Qxe5 35. Ra5 Qxa5 36. Qxa5 b2 0-1

[Event "Niedersachsen-ch open"]
[Site "Verden"]
[Date "2010.01.05"]
[Round "5.42"]
[White "Sablotny, Juergen"]
[Black "Pundt, Wilfried"]
[Result "0-1"]
[WhiteElo "1833"]
[BlackElo "1934"]
[PlyCount "82"]
[EventDate "2010.01.03"]
[EventType "swiss"]
[EventRounds "7"]
[EventCountry "GER"]
[SourceTitle "EXT 2012"]
[Source "ChessBase"]
[SourceDate "2011.11.24"]
[SourceVersion "1"]
[SourceVersionDate "2011.11.24"]
[SourceQuality "1"]

1. Nf3 d5 2. g3 Nd7 3. b3 e5 4. d3 Ngf6 5. Nbd2 Bd6 6. Bb2 Qe7 7. a3 Nf8 8. c4 c6 9. Qc2 Ng6 10. Bg2 Bd7 11. h3 0-0 12. e3 Rad8 13. d4 e4 14. Nh2 Nh5 15. Ndf1 b6 16. g4 Nhf4 17. exf4 Nxf4 18. Ne3 Nd3+ 19. Ke2 f5 20. cxd5 Nxb2 21. Qxb2 f4 22. dxc6 Bxc6 23. Nf5 f3+ 24. Ke1 Rxf5 25. Bf1 Rff8 26. Bc4+ Kh8 27. Nf1 b5 28. d5 bxc4 29. dxc6 Bb4+ 30. axb4 Qxb4+ 31. Nd2 c3 32. Qa3 Qxa3 33. Rxa3 Rxd2 34. b4 Rb2 35. Rxc3 Rb1+ 36. Kd2 Rxh1 37. c7 Rc8 38. Ke3 Re1+ 39. Kd4 Rd1+ 40. Kxe4 Rd7 41. Rxf3 Rdxc7 0-1

[Event "Niedersachsen-ch open"]
[Site "Verden"]
[Date "2010.01.03"]
[Round "1.23"]
[White "Hagemann, Sven"]
[Black "Pundt, Wilfried"]
[Result "1-0"]
[WhiteElo "2019"]
[BlackElo "1934"]
[PlyCount "47"]
[EventDate "2010.01.03"]
[EventType "swiss"]
[EventRounds "7"]
[EventCountry "GER"]
[SourceTitle "EXT 2012"]
[Source "ChessBase"]
[SourceDate "2011.11.24"]
[SourceVersion "1"]
[SourceVersionDate "2011.11.24"]
[SourceQuality "1"]

1. e4 e5 2. Nf3 Nc6 3. Bc4 Nf6 4. Ng5 Bc5 5. Bxf7+ Ke7 6. Bd5 Rf8 7. 0-0 d6 8. h3 Qe8 9. c3 h6 10. Nf3 Qh5 11. d4 Bb6 12. a4 a6 13. Nbd2 g5 14. Bxc6 bxc6 15. dxe5 dxe5 16. Nxe5 Bxf2+ 17. Kh1 g4 18. Nxc6+ Kd6 19. Rxf2 Kxc6 20. Nb3 Bd7 21. Rf5 Bxf5 22. Na5+ Kb6 23. Qd4+ c5 24. Qd6+ 1-0

[Event "GER-chT Seniors 18th"]
[Site "Finsterbergen"]
[Date "2009.09.17"]
[Round "6"]
[White "Pundt, Wilfried"]
[Black "Haubt, Georg"]
[Result "0-1"]
[WhiteElo "1939"]
[BlackElo "2263"]
[PlyCount "64"]
[EventDate "2009.09.12"]
[EventType "team-swiss"]
[EventRounds "7"]
[EventCountry "GER"]
[SourceTitle "CBM 132 Extra"]
[Source "ChessBase"]
[SourceDate "2009.11.03"]
[SourceVersion "1"]
[SourceVersionDate "2009.11.03"]
[SourceQuality "1"]

1. e4 d5 2. e5 c5 3. b4 cxb4 4. a3 Qc7 5. Nf3 Bg4 6. d4 e6 7. Bb5+ Nc6 8. axb4 f6 9. 0-0 fxe5 10. dxe5 Nge7 11. Bb2 Ng6 12. Nbd2 Bxb4 13. c3 Be7 14. Qa4 Bxf3 15. Nxf3 0-0 16. c4 Rf4 17. Qb3 Na5 18. Rxa5 Qxa5 19. Bd7 Nf8 20. Qxb7 Qd8 21. Bc6 Rb8 22. Qxa7 Rxc4 23. Bxd5 exd5 24. Ba1 Qc7 25. Qe3 Bc5 26. Qg5 Ne6 27. Qf5 Qf7 28. Qd3 Nf4 29. Qd2 Nh3+ 30. Kh1 Nxf2+ 31. Rxf2 Rb1+ 32. Ng1 Bxf2 0-1

[Event "GER-chT Seniors 18th"]
[Site "Finsterbergen"]
[Date "2009.09.13"]
[Round "2"]
[White "Pundt, Wilfried"]
[Black "Rosen, Willy"]
[Result "0-1"]
[WhiteElo "1939"]
[BlackElo "2302"]
[PlyCount "102"]
[EventDate "2009.09.12"]
[EventType "team-swiss"]
[EventRounds "7"]
[EventCountry "GER"]
[SourceTitle "CBM 132 Extra"]
[Source "ChessBase"]
[SourceDate "2009.11.03"]
[SourceVersion "1"]
[SourceVersionDate "2009.11.03"]
[SourceQuality "1"]

1. e4 c5 2. b4 cxb4 3. a3 e5 4. Nf3 Nc6 5. Bb2 d6 6. Bc4 Bg4 7. 0-0 Nf6 8. axb4 Nxb4 9. c3 Nc6 10. Qb3 Qc7 11. Ng5 Nd8 12. Na3 Rc8 13. d4 h6 14. Nf3 Bxf3 15. gxf3 a6 16. Bd3 Ne6 17. Rad1 Nh5 18. Nc4 b5 19. Ne3 Nef4 20. dxe5 dxe5 21. Bxb5+ axb5 22. Qxb5+ Qc6 23. Qxe5+ Be7 24. Ba3 Ng6 25. Qxh5 Bxa3 26. Nd5 0-0 27. f4 Ne7 28. Rd3 Nxd5 29. exd5 Qf6 30. Qe5 Bd6 31. Qxf6 gxf6 32. f5 Rc4 33. Rb1 Rd8 34. Rb6 Be5 35. d6 Rxc3 36. Rd1 Rc4 37. d7 Rd4 38. Rxd4 Bxd4 39. Rd6 Be5 40. Rd3 Kf8 41. Kg2 Ke7 42. Rh3 Rh8 43. Kf3 Kxd7 44. Kg4 h5+ 45. Kh4 Kc6 46. Ra3 Kd5 47. h3 Ke4 48. Rf3 Bd4 49. Rg3 Kxf5 50. Rg2 Kf4 51. f3 f5 0-1

[Event "Oberliga Nord W 0809"]
[Site "Germany"]
[Date "2009.03.29"]
[Round "9.8"]
[White "Hampel, Felix"]
[Black "Pundt, Wilfried"]
[Result "1-0"]
[WhiteElo "1990"]
[BlackElo "1951"]
[PlyCount "71"]
[EventDate "2008.10.05"]
[EventType "team-tourn"]
[EventRounds "9"]
[EventCountry "GER"]
[SourceTitle "EXT 2010"]
[Source "ChessBase"]
[SourceDate "2010.11.25"]
[SourceVersion "1"]
[SourceVersionDate "2010.11.25"]
[SourceQuality "1"]
[WhiteTeam "Hannover PSC"]
[BlackTeam "Bremen Nord"]
[WhiteTeamCountry "GER"]
[BlackTeamCountry "GER"]

1. d4 d5 2. Nf3 e6 3. e3 f5 4. Bd3 Nf6 5. 0-0 Be7 6. c4 0-0 7. b3 c6 8. Ba3 Bxa3 9. Nxa3 Nbd7 10. cxd5 exd5 11. Bxf5 Ne4 12. Bxe4 dxe4 13. Nd2 Nf6 14. Nac4 Bg4 15. Qc2 Be2 16. Rfe1 Bd3 17. Qb2 Ng4 18. f3 exf3 19. Nxf3 Be4 20. Nce5 Bxf3 21. Nxf3 Qf6 22. Qd2 Rae8 23. e4 Qg6 24. e5 Re7 25. Qg5 Qe6 26. d5 cxd5 27. Nd4 Qf7 28. Rf1 Nf2 29. Qh4 Rxe5 30. Rxf2 Qe8 31. Raf1 Rxf2 32. Qxf2 h6 33. Nf5 b6 34. Qg3 g6 35. Nxh6+ Kh7 36. Ng4 1-0

[Event "Niedersachsen-ch op"]
[Site "Verden"]
[Date "2009.01.04"]
[Round "3"]
[White "Lienau, Henrik"]
[Black "Pundt, Wilfried"]
[Result "0-1"]
[WhiteElo "1734"]
[BlackElo "1951"]
[PlyCount "62"]
[EventDate "2009.01.03"]
[EventType "swiss"]
[EventRounds "7"]
[EventCountry "GER"]
[SourceTitle "EXT 2012"]
[Source "ChessBase"]
[SourceDate "2011.11.24"]
[SourceVersion "1"]
[SourceVersionDate "2011.11.24"]
[SourceQuality "1"]

1. e4 e5 2. Nf3 Nc6 3. Nc3 Nf6 4. a3 d6 5. d4 Be7 6. Bc4 0-0 7. Be3 a6 8. Qd2 Bg4 9. h3 Bd7 10. g4 b5 11. Ba2 exd4 12. Nxd4 Nxd4 13. Bxd4 Bc6 14. f3 Bb7 15. 0-0-0 c5 16. Be3 b4 17. axb4 cxb4 18. Ne2 Qa5 19. Bb1 d5 20. e5 Nd7 21. Bd4 Rfc8 22. f4 Bc5 23. h4 Bxd4 24. Nxd4 Nc5 25. f5 Ne4 26. Qf4 b3 27. f6 bxc2 28. Nxc2 Rxc2+ 29. Kxc2 Qc5+ 30. Kd3 a5 31. Ke2 Ba6+ 0-1

[Event "Niedersachsen-ch Seniors 42th"]
[Site "Sottrum"]
[Date "2008.04.17"]
[Round "8"]
[White "Davydov, Mihail"]
[Black "Pundt, Wilfried"]
[Result "1/2-1/2"]
[WhiteElo "1977"]
[BlackElo "1876"]
[PlyCount "51"]
[EventDate "2008.04.10"]
[EventType "swiss"]
[EventRounds "9"]
[EventCountry "GER"]
[SourceTitle "EXT 2022"]
[Source "ChessBase"]
[SourceDate "2021.10.06"]
[SourceVersion "1"]
[SourceVersionDate "2021.10.06"]
[SourceQuality "1"]

1. e4 e5 2. Nf3 Nc6 3. d4 exd4 4. Nxd4 Bc5 5. Nb3 Bb6 6. Nc3 d6 7. Qe2 Be6 8. Be3 Ne5 9. Bxb6 axb6 10. Qe3 Nf6 11. h3 0-0 12. f4 Nc4 13. Bxc4 Bxc4 14. Nd2 Ba6 15. 0-0-0 b5 16. Rhe1 c6 17. Nb3 b4 18. Nb1 Qe7 19. Qd4 Rfd8 20. Qxb4 c5 21. Qb6 Nxe4 22. Nc3 f5 23. g4 Bc4 24. Nd5 Bxd5 25. Rxd5 Qh4 26. Red1 1/2-1/2

[Event "Niedersachsen-ch Seniors 42th"]
[Site "Sottrum"]
[Date "2008.04.16"]
[Round "7"]
[White "Fritsch, Juergen"]
[Black "Pundt, Wilfried"]
[Result "0-1"]
[WhiteElo "1822"]
[BlackElo "1876"]
[PlyCount "100"]
[EventDate "2008.04.10"]
[EventType "swiss"]
[EventRounds "9"]
[EventCountry "GER"]
[SourceTitle "EXT 2022"]
[Source "ChessBase"]
[SourceDate "2021.10.06"]
[SourceVersion "1"]
[SourceVersionDate "2021.10.06"]
[SourceQuality "1"]

1. e4 e5 2. Nf3 Nc6 3. Bb5 a6 4. Bxc6 dxc6 5. 0-0 Bg4 6. d3 Bd6 7. b3 Qe7 8. Be3 Nf6 9. h3 Bh5 10. Nbd2 h6 11. Nc4 0-0-0 12. Qe2 Nh7 13. Bd2 Ng5 14. Bxg5 hxg5 15. Ne3 f6 16. Nf5 Qd7 17. Qe3 Kb8 18. Nh2 Bb4 19. g4 Be8 20. Kg2 g6 21. Ng3 Bc3 22. Rad1 Bd4 23. Qf3 Qg7 24. Ne2 Bb6 25. Rh1 c5 26. Nf1 Bc6 27. Ne3 Rdf8 28. c4 Bd7 29. Ng1 Be6 30. Qe2 c6 31. f3 Qd7 32. Nc2 f5 33. Qe3 fxg4 34. fxg4 Bxg4 35. Rf1 Rxf1 36. Kxf1 Bh5 37. Ne1 Ba5 38. Nef3 Rf8 39. Ke2 Rd8 40. h4 gxh4 41. Rxh4 Bc3 42. Nh3 Rf8 43. Nhg5 Bd4 44. Qd2 Qe7 45. Rh3 Rf4 46. Rg3 Rh4 47. Nh3 Qd7 48. Rxg6 Qxh3 49. Rg8+ Ka7 50. Rf8 Qg2+ 0-1